[Event "Open A"]
[Site "Groningen NED"]
[Date "2008.12.21"]
[Round "1"]
[White "Giri,A"]
[Black "Klein,Da"]
[Result "1-0"]
[WhiteElo "2466"]
[BlackElo "2184"]

1.e4 c5 2.Nf3 d6 3.Nc3 Nf6 4.d4 cxd4 5.Nxd4 a6 6.Be3 Ng4 7.Bg5 h6 8.Bh4 g5
9.Bg3 Bg7 10.h3 Ne5 11.Nf5 Bxf5 12.exf5 Nbc6 13.Nd5 e6 14.fxe6 fxe6 15.Ne3 Qa5+
16.c3 Nf3+ 17.Qxf3 Bxc3+ 18.Kd1 Qa4+ 19.Nc2 Bxb2 20.Rc1 Bxc1 21.Qf6 Kd7 22.Kxc1 Rac8
23.Bd3 Rhe8 24.Rd1 Nd4 25.Rd2 Rc3 26.Bg6 e5 27.Bxe8+ Kxe8 28.Qg6+ Ke7 29.Kd1 Qc4
30.Rxd4 exd4 31.Kd2 Qd5 32.Nb4 Qe6 33.Qg7+ Ke8 34.Qh8+ Kd7 35.Qg7+ Kc8 36.Qh8+ Kd7
37.Qxd4 Rc4 38.Qb6 Rc7 39.a3 Kc8 40.Qd4 Rc4 41.Qh8+ Kc7 42.Qh7+ Kc8 43.Qh8+ Kc7
44.Qg7+ Kc8 45.f3 a5 46.Nd3 Rc7 47.Qh8+ Kd7 48.Qd4 Qa2+ 49.Ke3 Qe6+ 50.Kf2 Qa2+
51.Kg1 Qxa3 52.Kh2 h5 53.Ne5+ Ke6 54.Qe4 Qb4 55.Nc4+ Kd7 56.Bxd6 Qxc4 57.Qe7+ Kc6
58.Qxc7+ Kd5 59.Qf7+ Kd4 60.Qxb7 Ke3 61.Qa7+ Ke2 62.Qxa5 Kf1 63.Bg3 Qd4 64.Qe1+  1-0

[Event "Open A"]
[Site "Groningen NED"]
[Date "2008.12.21"]
[Round "1"]
[White "Ten Hertog,H"]
[Black "Burg,T"]
[Result "1/2-1/2"]
[WhiteElo "2118"]
[BlackElo "2382"]

1.e4 c5 2.Nf3 d6 3.d4 cxd4 4.Nxd4 Nf6 5.Nc3 a6 6.Be3 e5 7.Nf3 Be7 8.Bc4 O-O
9.O-O Be6 10.Bb3 Qc7 11.Bg5 Nbd7 12.Qe2 Rfc8 13.Rad1 b5 14.Bxf6 Nxf6 15.Bxe6 fxe6
16.Ng5 b4 17.Na4 Qxc2 18.Qxc2 Rxc2 19.f4 h6 20.Nxe6 Rac8 21.Nb6 Rb8 22.Nd5 Nxd5
23.Rxd5 Kf7 24.f5 Rxb2 25.Rf2 Rb1+ 26.Rf1 Rxf1+ 27.Kxf1 Rc8 28.Ke2 g6 29.g4 Rc4
30.Kd3 Rc1 31.Ra5 Rc3+ 32.Ke2 Rc2+ 33.Kf3 Rxh2 34.Rxa6 Rh3+ 35.Kf2 Bh4+ 36.Ke2 Rg3
37.Ra7+ Kf6 38.Nf8 Kg5 39.fxg6 Kf4 40.Ne6+ Kxe4 41.Ng5+ hxg5 42.g7 Re3+ 43.Kd2 Rd3+
44.Ke2  1/2-1/2

[Event "Open A"]
[Site "Groningen NED"]
[Date "2008.12.21"]
[Round "1"]
[White "Nijboer,F"]
[Black "Van Kooten,L"]
[Result "1-0"]
[WhiteElo "2540"]
[BlackElo "2263"]

1.e4 c5 2.Nf3 d6 3.d4 cxd4 4.Nxd4 Nf6 5.Nc3 a6 6.Be3 e6 7.Be2 Be7 8.f4 Nc6
9.Qd2 Qc7 10.O-O-O O-O 11.g4 Nxd4 12.Qxd4 e5 13.Qd3 exf4 14.Bxf4 Be6 15.g5 Nd7
16.Bxd6 Bxd6 17.Qxd6 Qa5 18.h4 Rac8 19.Qd4 Nb6 20.a3 Nc4 21.Nd5 Bxd5 22.exd5 b5
23.d6 Rfd8 24.d7  1-0

[Event "8th Amplico AIG Life Rapid"]
[Site "Warsaw POL"]
[Date "2008.12.21"]
[Round "9"]
[White "Jedryczka,K"]
[Black "Swiercz,D"]
[Result "0-1"]
[WhiteElo "2244"]
[BlackElo "2478"]

1.e4 c5 2.Nf3 d6 3.d4 cxd4 4.Nxd4 Nf6 5.Nc3 a6 6.Be3 e5 7.Nb3 Be7 8.f3 Be6
9.Qd2 O-O 10.O-O-O a5 11.Bb5 Nbd7 12.Kb1 Nb6 13.a4 Nc4 14.Bxc4 Bxc4 15.g4 b5
16.Nxb5 Qb8 17.g5 Ne8 18.Nc3 Nc7 19.Nc1 d5 20.Nxd5 Nxd5 21.exd5 Rd8 22.Qf2 Bxd5
23.Rhe1 Qb7 24.f4 Bb4 25.Rf1 Bc3 26.b3 exf4 27.Qxf4 Be6 28.Na2 Rdc8 29.Nxc3 Rxc3
30.Bd4 Rxb3+ 31.Kc1 Rb1+ 32.Kd2 Qb4+ 33.Ke3 Rxd1 34.Rxd1 Re8 35.Kf2 Qxa4
36.Rd2 Bd5 37.Be5 Qxf4+ 38.Bxf4 Be6 39.Bd6 a4 40.Ba3 h6 41.gxh6 g6 42.Rd4 Ra8
43.h7+ Kxh7 44.Rh4+ Kg7 45.Bb2+ f6 46.Rf4 Bf5 47.c4 a3 48.Ba1 Rb8 49.Rf3 Ra8
50.c5 a2 51.c6 Kf7 52.Re3 Be6 53.Rf3 f5 54.Rh3 Ke7 55.Rd3 Rc8 56.Rc3 Kd6
57.Rd3+ Kxc6 58.Rc3+ Kb5 59.Rxc8 Bxc8 60.Ke3 Kc4 61.h4 Kb3 62.Kd2 f4 63.Ke2 Bg4+
64.Kd3 f3 65.Ke3 Kc2  0-1

[Event "8th Amplico AIG Life Rapid"]
[Site "Warsaw POL"]
[Date "2008.12.21"]
[Round "12"]
[White "Nurkiewicz,M"]
[Black "Kempinski,R"]
[Result "1-0"]
[WhiteElo "2380"]
[BlackElo "2595"]

1.e4 c5 2.Nf3 d6 3.d4 cxd4 4.Nxd4 Nf6 5.Nc3 a6 6.Be3 e5 7.Nb3 Be7 8.f3 O-O
9.Qd2 Be6 10.O-O-O Nbd7 11.g4 Qc7 12.Kb1 b5 13.Nd5 Bxd5 14.exd5 Nb6 15.Bxb6 Qxb6
16.Qd3 Rfc8 17.Nd2 Qc7 18.Be2 b4 19.h4 a5 20.h5 a4 21.Nc4 Nd7 22.Qf5 Nc5
23.g5 g6 24.Qg4 Bf8 25.Rh4 Re8 26.Rdh1 Re7 27.Bd3 Nxd3 28.cxd3 b3 29.a3 Qc5
30.Qe4 Raa7 31.Rg4 Rac7 32.Rgh4 Red7 33.R4h2 Qb5 34.Ne3 Bg7 35.hxg6 hxg6
36.Rh7 Kf8 37.Rxg7 Kxg7 38.Qh4 Qxd3+ 39.Ka1 Rc1+ 40.Rxc1 Rd8  1-0

[Event "Open A"]
[Site "Groningen NED"]
[Date "2008.12.22"]
[Round "2"]
[White "Nicolai,Am"]
[Black "Kuling,L"]
[Result "0-1"]
[WhiteElo "1819"]
[BlackElo "2195"]

1.e4 c5 2.Nf3 d6 3.d4 cxd4 4.Nxd4 Nf6 5.Nc3 a6 6.Be3 e5 7.Nb3 Be7 8.f3 Be6
9.Qd2 O-O 10.O-O-O a5 11.Bb5 Nbd7 12.g4 Nb6 13.a4 Nc4 14.Bxc4 Bxc4 15.h4 b5
16.Nxb5 Qb8 17.g5 Nh5 18.Nc3 Bxb3 19.cxb3 Qxb3 20.Qd5 Qb4 21.Rh2 Rab8 22.Rc2 Rfc8
23.Qd2 Bf8 24.Kb1 Qb3 25.Rdc1 Rc4 26.Qd3 Rxa4 27.Qd5 Rc4 28.Nb5 Rb4 29.Nc3 a4
30.Qxb3 Rxb3 31.Ka2 a3 32.Rb1 Rxb2+ 33.Rcxb2 Rxb2+ 34.Rxb2 axb2 35.Kxb2 f6
36.Kb3 fxg5 37.hxg5 Kf7 38.Kc4 Ke6 39.Nd5 Ng3 40.Kd3 Be7 41.Nxe7 Kxe7 42.f4 exf4
43.Bxf4 Nh5 44.Bd2 Ke6 45.Kd4 g6 46.Be3 Ng7 47.Bd2 Ne8 48.Ba5 Ng7 49.Bd2 Kd7
50.Kd5 Ne6 51.e5 Nc7+ 52.Kd4 Ke6 53.exd6 Nb5+ 54.Ke4 Nxd6+ 55.Kf4 Kd5 56.Ba5 Nb5
57.Kg4 Ke4 58.Bd8 Na3 59.Be7 Nc4 60.Bd8 Ne5+  0-1

[Event "Open A"]
[Site "Groningen NED"]
[Date "2008.12.22"]
[Round "2"]
[White "Klein,Da"]
[Black "Bijlsma,N"]
[Result "1-0"]
[WhiteElo "2184"]
[BlackElo "1911"]

1.e4 c5 2.Nf3 d6 3.d4 cxd4 4.Nxd4 Nf6 5.Nc3 a6 6.Be3 e6 7.a4 Be7 8.Be2 Nc6
9.O-O O-O 10.f4 Qc7 11.Kh1 Re8 12.Qe1 Nxd4 13.Bxd4 e5 14.fxe5 dxe5 15.Qg3 Bd8
16.Be3 Kh8 17.a5 Be6 18.Rfd1 Rc8 19.Rd2 Qb8 20.Bf3 Rc4 21.Rd4 Nh5 22.Bxh5 Bh4
23.Qxh4 exd4 24.Bf4 Qd8 25.Qxd8 Rxd8 26.Rd1 Rdc8 27.Ne2 Rxc2 28.Nxd4 Rxb2
29.Nxe6 fxe6 30.Bg4 Rb5 31.Bxe6 Ra8 32.Bc7 Rc5 33.Bb6  1-0

[Event "Open A"]
[Site "Groningen NED"]
[Date "2008.12.22"]
[Round "2"]
[White "Kuipers,S"]
[Black "Pijpers,A"]
[Result "1-0"]
[WhiteElo "2292"]
[BlackElo "2150"]

1.e4 c5 2.Nf3 d6 3.d4 cxd4 4.Nxd4 Nf6 5.Nc3 a6 6.Be3 e5 7.Nb3 Be6 8.f3 Nbd7
9.Qd2 b5 10.g4 Nb6 11.g5 Nfd7 12.Nd5 Nxd5 13.exd5 Bf5 14.a4 bxa4 15.Rxa4 Qc8
16.c3 Be7 17.Na5 O-O 18.Nc6 Bd8 19.b4 Qb7 20.c4 Nb8 21.Nxd8 Rxd8 22.Bd3 Bxd3
23.Qxd3 Nd7 24.O-O Nb6 25.Ra2 Rac8 26.Rc1 Rb8 27.Kg2 Qc8 28.Bf2 Nd7 29.Ra4 Nb6
30.Ra5 Nd7 31.c5 Rxb4 32.c6 e4 33.fxe4 Ne5 34.Qe2 Re8 35.Bg3 Ng4 36.Re1 Rb3
37.Qxa6 Ne3+ 38.Rxe3 Rxe3 39.Qxc8 Rxc8 40.e5 dxe5 41.d6 Rc3 42.d7 R3xc6 43.dxc8=Q+ Rxc8
44.Bxe5 h6 45.gxh6 gxh6 46.Ra6 Rc5 47.Bf4 h5 48.Kg3 Kg7 49.Bh6+ Kh7 50.Kh4 Rc2
51.Bf4 Rc4 52.Kg5 Rc5+ 53.Kf6 Rc4 54.Be5 Rc5 55.Ra8 Rb5 56.Kf5 f6 57.Kxf6 Rb1
58.Kg5 Rg1+ 59.Bg3 h4 60.Ra7+ Kg8 61.Kxh4 Rb1 62.Kg4 Rb5 63.h4 Kh8 64.h5 Rd5
65.Bf4 Rb5 66.Bg5 Rb6 67.Kf5 Rb1 68.Kg6 Rb8 69.Bf6+ Kg8 70.Rh7  1-0

[Event "Open A"]
[Site "Groningen NED"]
[Date "2008.12.22"]
[Round "2"]
[White "Swinkels,R"]
[Black "Paulet,I"]
[Result "1-0"]
[WhiteElo "2451"]
[BlackElo "2307"]

1.e4 c5 2.Nf3 d6 3.d4 cxd4 4.Nxd4 Nf6 5.Nc3 a6 6.Be3 e5 7.Nf3 Be7 8.Bc4 O-O
9.O-O Nc6 10.Bg5 Be6 11.Bb3 Nd7 12.Bxe7 Qxe7 13.Nd5 Qd8 14.Qe2 Nc5 15.Rad1 Kh8
16.h3 f5 17.Nc3 Bxb3 18.axb3 Qd7 19.Rd2 Ne6 20.Nd5 Rae8 21.exf5 Rxf5 22.c3 e4
23.Nh2 Ned4 24.Qg4 h5 25.Qd1 Rxd5 26.cxd4 Rg5 27.h4 Rf5 28.d5 Ne5 29.Rd4 Ng6
30.Re1 Rfe5 31.Re3 Qf5 32.g3 Ne7 33.Rexe4 Nc6 34.Rxe5 dxe5 35.Rd2 Nd4 36.Rd3 Rf8
37.f4 Qe4 38.d6 Ne2+ 39.Kf2 exf4 40.g4 Ng3 41.d7 Rd8 42.Nf3 hxg4 43.Ng5 Qf5
44.Rd5 Qf6 45.Qd4 Kg8 46.Qxf6 gxf6 47.Ne6 Ne4+ 48.Kg1 f3 49.Nxd8 g3 50.Nxb7  1-0

[Event "Open A"]
[Site "Groningen NED"]
[Date "2008.12.24"]
[Round "4"]
[White "Mellema,A"]
[Black "Kuling,L"]
[Result "0-1"]
[WhiteElo "2097"]
[BlackElo "2195"]

1.e4 c5 2.Nf3 d6 3.d4 cxd4 4.Nxd4 Nf6 5.Nc3 a6 6.Be3 e5 7.Nb3 Be7 8.f3 Be6
9.Qd2 O-O 10.O-O-O a5 11.Bb5 Nbd7 12.Qf2 Rc8 13.Kb1 Rxc3 14.bxc3 Qc7 15.g4 a4
16.Nc1 Qa5 17.Qe2 Rc8 18.g5 Ne8 19.Qd3 Nb6 20.Bxb6 Qxb6 21.Ka1 Qa5 22.Ne2 Bxg5
23.Rb1 Nc7 24.Bc4 d5 25.exd5 Bd7 26.Rxb7 Rd8 27.Rhb1 Ne8 28.d6 e4 29.fxe4 Bf6
30.Rb8 Bg4 31.Rxd8 Qxd8 32.Nf4 Qxd6 33.Nd5 Be5 34.Rb6 Qa3 35.Qe3 Be6 36.Rb7 h6
37.Ne7+ Kh7 38.Bxe6 fxe6 39.Kb1 Nd6 40.Qg1 g5 41.Rc7 Nb5 42.Qf1 Bf4 43.e5 Nxc3+
44.Rxc3 Qxc3 45.Qd3+ Qxd3 46.cxd3 Bxh2 47.Nc6 g4 48.Nd4 g3 49.Nf3 g2 50.Nd2 Bxe5  0-1

[Event "Open A"]
[Site "Groningen NED"]
[Date "2008.12.24"]
[Round "4"]
[White "Van Kampen,R"]
[Black "Saravanan,V1"]
[Result "0-1"]
[WhiteElo "2307"]
[BlackElo "2417"]

1.e4 c5 2.Nf3 d6 3.d4 cxd4 4.Nxd4 Nf6 5.Nc3 a6 6.Be3 e5 7.Nb3 Be6 8.f3 Be7
9.Qd2 Nbd7 10.O-O-O O-O 11.g4 Qc7 12.Kb1 b5 13.g5 Nh5 14.Nd5 Bxd5 15.exd5 Nb6
16.Na5 Nxd5 17.Qxd5 Qxa5 18.Bd3 g6 19.Qb7 Qd8 20.Be4 Rb8 21.Qxa6 Qc7 22.h4 Ng3
23.Rh2 Nxe4 24.fxe4 Qc4 25.Qa3 Qxe4 26.h5 Rb7 27.Rdh1 d5 28.Qa6 Rc7 29.hxg6 Rxc2
30.gxf7+ Rxf7 31.Rxc2 Qxh1+ 32.Bc1 Qe4 33.Qxb5 Kg7 34.Qc6 Bxg5 35.b3 Bxc1
36.Kxc1 Qe3+ 37.Kb1 Qg1+ 38.Kb2 Qd4+ 39.Kb1 Rf1+ 40.Rc1 Rxc1+ 41.Qxc1 Kg6
42.a4 e4 43.Qc8 e3 44.Qg8+ Kh6 45.Qf8+ Kg5 46.Qe7+ Kg4 47.Qe6+ Kg3 48.a5 Qe4+
49.Qxe4 dxe4 50.Kc2 e2  0-1

[Event "Open A"]
[Site "Groningen NED"]
[Date "2008.12.24"]
[Round "4"]
[White "Swinkels,R"]
[Black "Van den Doel,E"]
[Result "0-1"]
[WhiteElo "2451"]
[BlackElo "2570"]

1.e4 c5 2.Nf3 d6 3.d4 cxd4 4.Nxd4 Nf6 5.Nc3 a6 6.Be3 e6 7.g4 h6 8.Bg2 Nc6
9.h3 Be7 10.Qe2 Nxd4 11.Bxd4 e5 12.Be3 Be6 13.O-O-O Rc8 14.Nd5 Bxd5 15.exd5 Nd7
16.Be4 g6 17.f4 exf4 18.Bxf4 Bg5 19.Rdf1 Ne5 20.h4 Bxf4+ 21.Rxf4 O-O 22.Kb1 Qb6
23.h5 g5 24.Rf6 Kg7 25.Rhf1 Nc4 26.c3 Qe3 27.Qxe3 Nxe3 28.R1f3 Nc4 29.Kc1 Rcd8
30.R6f5 Rde8 31.Bd3 Re1+ 32.Kc2 Ne5 33.Rg3 Re8 34.c4 Rc8 35.b3 b5 36.Kb2 bxc4
37.Bxc4 Nxc4+ 38.bxc4 Rxc4 39.Rb3 Re2+ 40.Ka3 Rxg4 41.Rff3 Rgg2 42.Rb6 Rxa2+
43.Kb4 a5+ 44.Kc4 Ra4+ 45.Kb3 Rb4+ 46.Rxb4 axb4 47.Kxb4 Rc2  0-1

[Event "Open A"]
[Site "Groningen NED"]
[Date "2008.12.26"]
[Round "5"]
[White "Nijboer,F"]
[Black "Spoelman,W"]
[Result "1/2-1/2"]
[WhiteElo "2540"]
[BlackElo "2459"]

1.e4 c5 2.Nf3 d6 3.d4 cxd4 4.Nxd4 Nf6 5.Nc3 a6 6.Be3 e5 7.Nb3 Be6 8.f3 Be7
9.Qd2 O-O 10.O-O-O a5 11.a4 Na6 12.g4 Nb4 13.Kb1 Rc8 14.h4 d5 15.g5 Ne8 16.exd5 Bf5
17.Rc1 Nc7 18.Bc4 Ne8 19.Bf1  1/2-1/2

[Event "Open A"]
[Site "Groningen NED"]
[Date "2008.12.27"]
[Round "6"]
[White "De Jong,M"]
[Black "Hoeksema,E"]
[Result "1-0"]
[WhiteElo "2349"]
[BlackElo "2323"]

1.e4 c5 2.Nf3 d6 3.d4 cxd4 4.Nxd4 Nf6 5.Nc3 a6 6.Be3 e5 7.Nf3 Be7 8.Bc4 O-O
9.O-O Nc6 10.Bb3 Na5 11.Bg5 Nxb3 12.axb3 Ne8 13.Bxe7 Qxe7 14.Nd5 Qd8 15.Nd2 b5
16.Nb1 Bb7 17.Nbc3 Nc7 18.Qd3 Rc8 19.Nb6 Rb8 20.Rfd1 Bxe4 21.Nxe4 Rxb6 22.Nxd6 Ne6
23.Nf5 Qg5 24.Qe4 Nf4 25.Kh1 Rf6 26.Ne7+ Kh8 27.Nd5 Nxd5 28.Rxd5 Rxf2 29.Rxe5 Qf6
30.h3 g6 31.c4 Rxb2 32.c5 Rxb3 33.c6 Rc3 34.Qb4  1-0

[Event "1st Asian Clubs"]
[Site "Al Ain UAE"]
[Date "2008.12.28"]
[Round "4"]
[White "Sengupta,D"]
[Black "Zhou Jianchao"]
[Result "1/2-1/2"]
[WhiteElo "2441"]
[BlackElo "2612"]

1.e4 c5 2.Nf3 d6 3.d4 cxd4 4.Nxd4 Nf6 5.Nc3 a6 6.Be3 e5 7.Nb3 Be7 8.f3 Be6
9.Qd2 O-O 10.O-O-O Nbd7 11.g4 b5 12.g5 b4 13.Ne2 Ne8 14.f4 a5 15.f5 Bxb3
16.cxb3 a4 17.bxa4 Rxa4 18.Kb1 Rxa2 19.Nc1 Ra8 20.Nb3 Qb8 21.Rg1 Bd8 22.Rg3 Bb6
23.Qxb4 Qa7 24.Bxb6 Nxb6 25.Bb5 Nc7 26.Bc6 Na6 27.Qb5 Nc7 28.Qb4 Na6  1/2-1/2

[Event "Masters"]
[Site "Hastings ENG"]
[Date "2008.12.28"]
[Round "1"]
[White "Quinn,Jos"]
[Black "Griffiths,R"]
[Result "0-1"]
[WhiteElo "1846"]
[BlackElo "2107"]

1.e4 c5 2.Nf3 d6 3.d4 cxd4 4.Nxd4 Nf6 5.Nc3 a6 6.Be3 e6 7.Be2 Be7 8.a4 O-O
9.f4 Nc6 10.Qd2 Qc7 11.Bf3 Na5 12.Be2 Nc4 13.Bxc4 Qxc4 14.Qd3 Qc7 15.Qe2 b6
16.O-O Bb7 17.Bf2 Rfe8 18.Rad1 Rac8 19.e5 Nd5 20.Nxd5 Bxd5 21.Qxa6 dxe5 22.fxe5 Qxe5
23.Qxb6 Bd6 24.Bg3 Qe4 25.Rd2 Bc5 26.Qb5 Bxd4+ 27.Kh1 Bc4 28.Rf4 Qe3 29.Qb4 Qg1+  0-1

[Event "III Illes Medes Open"]
[Site "L'Estartit ESP"]
[Date "2008.12.28"]
[Round "3"]
[White "Schut,L"]
[Black "Schut,He"]
[Result "1-0"]
[WhiteElo "2153"]
[BlackElo "2034"]

1.e4 c5 2.Nf3 d6 3.d4 cxd4 4.Nxd4 Nf6 5.Nc3 a6 6.Be3 e5 7.Nb3 Be6 8.f3 Nbd7
9.Qd2 Rc8 10.O-O-O b5 11.Kb1 Be7 12.g4 Nb6 13.Bxb6 Qxb6 14.h4 b4 15.Nd5 Bxd5
16.exd5 a5 17.Qe2 O-O 18.f4 exf4 19.g5 Nd7 20.Bh3 Rfd8 21.Qxe7 Ne5 22.g6 Nxg6
23.Qg5 Re8 24.h5 Re5 25.Qg4 Ne7 26.h6 g6 27.Qxf4 f5 28.Rhe1 Rxe1 29.Rxe1 a4
30.Rxe7  1-0

[Event "Open A"]
[Site "Groningen NED"]
[Date "2008.12.29"]
[Round "8"]
[White "Spoelman,W"]
[Black "Van den Doel,E"]
[Result "1-0"]
[WhiteElo "2459"]
[BlackElo "2570"]

1.e4 c5 2.Nf3 d6 3.d4 cxd4 4.Nxd4 Nf6 5.Nc3 a6 6.Be3 Nc6 7.f3 e6 8.Qd2 Be7
9.O-O-O O-O 10.g4 Nd7 11.Kb1 Nde5 12.Be2 Na5 13.Qe1 b5 14.f4 Nec4 15.Bxc4 Nxc4
16.Nc6 Qc7 17.Nxe7+ Qxe7 18.Bc1 Bb7 19.b3 Rac8 20.bxc4 Rxc4 21.Rg1 b4 22.Ne2 Bxe4
23.Nd4 d5 24.Bb2 a5 25.Qg3 a4 26.Rge1 a3 27.Ba1 Rfc8 28.Re2 Qc7 29.Rdd2 g5
30.Rf2 gxf4 31.Qh4 Qe5 32.Nf3 Rxc2 33.Rxc2 Bxc2+ 34.Rxc2 Qe4 35.Qg5+ Kf8
36.Qg7+ Ke7 37.Bf6+ Kd6 38.Be5+ Ke7 39.Qf6+ Ke8 40.Qh8+  1-0

[Event "Open A"]
[Site "Groningen NED"]
[Date "2008.12.29"]
[Round "8"]
[White "Van Assendelft,F"]
[Black "Clemens,A"]
[Result "0-1"]
[WhiteElo "2253"]
[BlackElo "2261"]

1.e4 c5 2.Nf3 d6 3.d4 cxd4 4.Nxd4 Nf6 5.Nc3 a6 6.Be3 e5 7.Nb3 Be6 8.Qd2 Nbd7
9.f4 Rc8 10.O-O-O b5 11.f5 Bc4 12.g4 Nxg4 13.Rg1 Nxe3 14.Qxe3 Qb6 15.Qg3 g6
16.Bh3 Bh6+ 17.Kb1 Bf4 18.Qh4 g5 19.Qh6 g4 20.Qg7 Ke7 21.Qxg4 Nf6 22.Qh4 b4
23.Nd5+ Bxd5 24.exd5 Rhg8 25.Rgf1 Be3 26.Qe1 Rc4 27.Qe2 Rgc8 28.Rd3 Bg5 29.Rg3 h6
30.Qd3 a5 31.Qd1 a4 32.Nc1 R8c5 33.Rd3 e4 34.Rg3 Rxd5 35.Qe2 Rdc5 36.Bg2 d5
37.b3 Rxc2 38.Qxc2 Rxc2 39.Kxc2 a3 40.Ne2 d4 41.Bxe4 Nxe4 42.Rg4 d3+ 43.Kb1 Nd2+  0-1

[Event "38th Rilton Cup 2008-9"]
[Site "Stockholm SWE"]
[Date "2008.12.30"]
[Round "4"]
[White "Grandelius,N"]
[Black "Berczes,D"]
[Result "1-0"]
[WhiteElo "2464"]
[BlackElo "2514"]

1.e4 c5 2.Nf3 d6 3.d4 cxd4 4.Nxd4 Nf6 5.Nc3 a6 6.Be3 e5 7.Nb3 Be7 8.f3 Be6
9.Qd2 O-O 10.O-O-O a5 11.Bb5 Na6 12.Qe2 Qb8 13.Bb6 Nc7 14.Bc4 a4 15.Nd2 a3
16.b3 Rc8 17.Rhe1 Nd7 18.Bxe6 fxe6 19.Bxc7 Qxc7 20.Qc4 Nc5 21.Kb1 Kh8 22.Nb5 Qc6
23.Nc3 Qc7 24.Nb5 Qc6 25.Nc3 Ra5 26.Qb4 Nxb3 27.Nxb3 Rb5 28.Qxb5 Qxc3 29.Na1 Rc6
30.Qb3 Qc5 31.Qe3 Qb4+ 32.Nb3 h6 33.Rd3 Bg5 34.Qe2 d5 35.exd5 exd5 36.Qxe5 Bf6
37.Qe2 Rc7 38.Red1 Qc4 39.g3 Re7 40.Qd2 d4 41.f4  1-0

[Event "38th Rilton Cup 2008-9"]
[Site "Stockholm SWE"]
[Date "2008.12.30"]
[Round "4"]
[White "Klovans,J"]
[Black "Marklund,N"]
[Result "1-0"]
[WhiteElo "2411"]
[BlackElo "2162"]

1.e4 c5 2.Nf3 d6 3.d4 Nf6 4.Nc3 cxd4 5.Nxd4 a6 6.Be3 e5 7.Nb3 Be6 8.Qd2 Nbd7
9.f3 Be7 10.g4 O-O 11.O-O-O Nb6 12.h4 Qc7 13.h5 d5 14.Bxb6 Qxb6 15.g5 d4
16.Na4 Qd8 17.gxf6 Bxf6 18.Kb1 b6 19.Nc1 Bd7 20.b3 Bxa4 21.bxa4 Qd6 22.Bc4 Qa3
23.Bb3 Rab8 24.Nd3 b5 25.a5 b4 26.f4 Qxa5 27.fxe5 Be7 28.Rhg1 h6 29.Qxh6  1-0

[Event "1st Asian Clubs"]
[Site "Al Ain UAE"]
[Date "2008.12.31"]
[Round "7"]
[White "Toufighi,H"]
[Black "Zozek,S"]
[Result "0-1"]
[WhiteElo "2470"]
[BlackElo "2222"]

1.e4 c5 2.Nf3 d6 3.d4 cxd4 4.Nxd4 a6 5.Nc3 Nf6 6.Be3 e5 7.Nb3 Be6 8.Qd2 Be7
9.f3 Nbd7 10.O-O-O b5 11.g4 h6 12.h4 Nb6 13.Na5 Qc7 14.Qf2 Nfd7 15.Bxb5 axb5
16.Nxb5 Qb8 17.Nc6 Qb7 18.Nxe7 Kxe7 19.Nxd6 Qc6 20.a3 Rhb8 21.f4 Na4 22.f5 Bb3
23.f6+ Nxf6 24.Rd2 Be6 25.g5 Ng4 26.Qg1 Rxb2 27.Bc5 Nxc5 28.Kxb2 Qb6+  0-1

[Event "Masters"]
[Site "Hastings ENG"]
[Date "2008.12.31"]
[Round "4"]
[White "Green,An"]
[Black "Eggleston,D"]
[Result "0-1"]
[WhiteElo "2102"]
[BlackElo "2368"]

1.e4 c5 2.Nf3 d6 3.d4 cxd4 4.Nxd4 Nf6 5.Nc3 a6 6.Be3 e5 7.Nf3 Be7 8.Bc4 O-O
9.O-O Be6 10.Bxe6 fxe6 11.Na4 Nfd7 12.Qd3 b5 13.Qb3 Rf6 14.Nc3 Nc6 15.Nd5 Rf7
16.Nxe7+ Qxe7 17.a4 b4 18.Qc4 Nc5 19.Bxc5 dxc5 20.Rad1 Rxf3 21.gxf3 Nd4 22.Kh1 Nxf3
23.Rd3 Rf8 24.Rxf3 Rxf3 25.Qxa6 Rf8 26.a5 Rd8 27.Qe2 Qa7 28.a6 h6 29.Ra1 Kh7
30.Kg1 Rd7 31.Qb5 Rf7 32.Kh1 c4 33.Qxe5 Qxf2 34.Qg3 Qd4 35.Qg2 Qxb2 36.Qg1 Ra7
37.Ra5 Ra8 38.a7 Qxc2 39.Qg4 b3 40.Ra1 b2 41.Rg1 Qc3 42.Qg2 Qe5 43.h4 c3
44.Qg4 c2  0-1

[Event "38th Rilton Cup 2008-9"]
[Site "Stockholm SWE"]
[Date "2008.12.31"]
[Round "5"]
[White "Willemze,T"]
[Black "Akbarinia,S"]
[Result "1-0"]
[WhiteElo "2417"]
[BlackElo "2337"]

1.e4 c5 2.Nf3 d6 3.d4 cxd4 4.Nxd4 Nf6 5.Nc3 a6 6.Be3 e5 7.Nb3 Be6 8.Qd2 Nbd7
9.O-O-O Be7 10.f4 Ng4 11.g3 Nxe3 12.Qxe3 b5 13.Kb1 Qb6 14.Qe2 O-O 15.f5 Bxb3
16.axb3 Rfb8 17.h4 Qc6 18.Nd5 Bd8 19.g4 a5 20.Rh3 b4 21.g5 a4 22.g6 axb3
23.cxb3 Ra5 24.Qh5 h6 25.gxf7+ Kf8 26.Bc4 Rba8 27.Qg6 Ra1+ 28.Kc2 Rxd1 29.Qh7 Kxf7
30.Rg3 Bg5 31.hxg5 Qc5 32.g6+ Ke8 33.Qg8+ Nf8 34.Qf7+ Kd8 35.Qxf8+ Kd7 36.Qxg7+ Kc8
37.Qf8+ Kb7 38.Qe7+ Kb8 39.Qd8+ Kb7 40.Qd7+ Kb8 41.Qe8+ Kb7 42.Qxa8+ Kxa8
43.Kxd1 Qd4+ 44.Kc1 Qxe4 45.g7 Qe1+ 46.Kc2 Qxg3 47.g8=Q+ Qxg8 48.Nb6+  1-0

[Event "Hilton Schachfestival"]
[Site "Basel SUI"]
[Date "2009.01.01"]
[Round "1"]
[White "Sokolov,And1"]
[Black "Stankovic,Ze"]
[Result "1-0"]
[WhiteElo "2552"]
[BlackElo "2268"]

1.e4 c5 2.Nf3 d6 3.d4 cxd4 4.Nxd4 Nf6 5.Nc3 a6 6.Be3 e5 7.Nf3 Be7 8.Bc4 O-O
9.O-O Be6 10.Bxe6 fxe6 11.Na4 Ng4 12.Qd3 Nxe3 13.Qxe3 b5 14.Nb6 Ra7 15.Nd5 Rd7
16.Nxe7+ Qxe7 17.Rad1 Nc6 18.Qb6 Rc7 19.c3 a5 20.Qxb5 Rb8 21.Qe2 a4 22.Ne1 Na5
23.Qc2 Nc4 24.Nd3 d5 25.exd5 exd5 26.Nb4 Rxb4 27.cxb4 Ne3 28.Qxa4 Nxf1 29.Qa8+ Kf7
30.Qxd5+ Qe6 31.Kxf1 Qxd5 32.Rxd5 Rc2 33.Rxe5 Rxb2 34.a3 Kf6 35.Re3 g5 36.g4 Kg6
37.Kg2 h5 38.h3 hxg4 39.hxg4 Kf6 40.Kf3 Rb1 41.Ke4 Ke6 42.Kd4+ Kd6 43.Kc4 Kc6
44.Re6+ Kd7 45.Re5  1-0

[Event "Hilton Schachfestival"]
[Site "Basel SUI"]
[Date "2009.01.02"]
[Round "3"]
[White "Sokolov,And1"]
[Black "Vulevic,V"]
[Result "1-0"]
[WhiteElo "2552"]
[BlackElo "2325"]

1.e4 c5 2.Nf3 d6 3.d4 cxd4 4.Nxd4 Nf6 5.Nc3 a6 6.Be3 e5 7.Nb3 Be6 8.Qd2 Nbd7
9.O-O-O Be7 10.f4 Rc8 11.Kb1 O-O 12.Bd3 b5 13.Rhe1 Qc7 14.f5 Bc4 15.Bg5 b4
16.Ne2 Rfe8 17.Ng3 Qb6 18.Qe2 Bxd3 19.cxd3 a5 20.Rc1 a4 21.Rxc8 Rxc8 22.Rc1 Rb8
23.Nd2 b3 24.a3 h6 25.Nc4 Qa6 26.Bd2 d5 27.exd5 Nxd5 28.Ne4 Rc8 29.g4 N5f6
30.Nc3 Bc5 31.h4 Bd4 32.g5 Bxc3 33.Bxc3 Nd5 34.Bxe5 Re8 35.Qe4 N5b6 36.Nxb6 Qxb6
37.Qxa4 Qb7 38.Bd4 hxg5 39.hxg5 Qd5 40.g6 fxg6 41.fxg6 Re6 42.Qc4 Qxc4 43.Rxc4 Rxg6
44.Kc1 Nf8 45.Kd2 Ne6 46.Kc3 Rg3 47.Be5 Rf3 48.a4 Rf5 49.d4 g5 50.a5 Nf4
51.a6 Nd5+ 52.Kxb3 Rf3+ 53.Ka2 Rf7 54.Bb8 Rf6 55.a7 Ra6+ 56.Kb3 g4 57.Ra4  1-0

[Event "38th Rilton Cup 2008-9"]
[Site "Stockholm SWE"]
[Date "2009.01.03"]
[Round "7"]
[White "Lindberg,Be"]
[Black "Bogner,S"]
[Result "0-1"]
[WhiteElo "2406"]
[BlackElo "2448"]

1.e4 c5 2.Nf3 d6 3.d4 cxd4 4.Nxd4 Nf6 5.Nc3 a6 6.Be3 e6 7.f3 b5 8.g4 b4 9.Nce2 h6
10.c4 e5 11.Nc2 a5 12.Ng3 Be6 13.b3 g6 14.a3 bxa3 15.Nxa3 h5 16.g5 h4 17.Ne2 Nfd7
18.Nb5 Ra6 19.Nec3 Nc5 20.Nd5 Bxd5 21.Qxd5 Nc6 22.Bxc5 dxc5 23.b4 Be7 24.bxc5 O-O
25.Rd1 a4 26.Bh3 Bxg5 27.Rg1 Qf6 28.Bg4 a3 29.Kf2 a2 30.Kg2 Rd8 31.Nd6 Be3
32.Bc8 h3+ 33.Kg3 Bxg1 34.Rxg1 Rxc8 35.Nxc8 Qg5+ 36.Kxh3 Qh5+ 37.Kg3 Qg5+
38.Kh3 Qxg1 39.Nd6 Nd8 40.Ne8 Qf1+  0-1

[Event "Australian Open"]
[Site "Manly Sydney AUS"]
[Date "2009.01.04"]
[Round "5"]
[White "Schon,E"]
[Black "Stojic,D"]
[Result "1-0"]
[WhiteElo "2115"]
[BlackElo "2219"]

1.e4 c5 2.Nf3 d6 3.d4 cxd4 4.Nxd4 Nf6 5.Nc3 a6 6.Be3 e5 7.Nb3 Be6 8.f3 Be7
9.Qd2 O-O 10.O-O-O Nbd7 11.g4 b5 12.h4 Nb6 13.Qf2 Rb8 14.Nc5 Bc8 15.h5 Qc7
16.g5 Ne8 17.Nb3 b4 18.Nd5 Nxd5 19.exd5 f5 20.f4 a5 21.Nd2 a4 22.Bc4 Kh8
23.Qe2 Bd8 24.Nf3 b3 25.axb3 axb3 26.h6 g6 27.fxe5 bxc2 28.Qxc2 dxe5 29.Nxe5 Qxe5
30.Bd4 Bxg5+ 31.Kb1 Qxd4 32.Rxd4 Bf6 33.Qh2 Rb6 34.Rd2 Nd6 35.Bd3 Bb7 36.Qf2 Nc8
37.Rc1 Rd6 38.Rc7 Bxd5 39.Qc5 Rdd8 40.Bc2 Be6 41.Re2 Bd4 42.Qb4 Bg8 43.Rxc8  1-0

[Event "51st It B"]
[Site "Reggio Emilia ITA"]
[Date "2009.01.04"]
[Round "9"]
[White "Pomaro,A"]
[Black "Gunnarsson,J"]
[Result "0-1"]
[WhiteElo "2254"]
[BlackElo "2430"]

1.e4 c5 2.Nf3 d6 3.d4 cxd4 4.Nxd4 Nf6 5.Nc3 a6 6.Be3 e5 7.Nb3 Be6 8.Nd5 Nbd7
9.f3 Nxd5 10.exd5 Bf5 11.Be2 Be7 12.O-O O-O 13.Qd2 h6 14.Na5 Qc7 15.c4 Bh7
16.b4 f5 17.Rac1 b6 18.Nc6 Bf6 19.f4 Rae8 20.g3 Kh8 21.Bh5 Rc8 22.Bf3 Rg8
23.Bg2 g5 24.Qf2 gxf4 25.gxf4 exf4 26.Qxf4 Ne5 27.Nxe5 dxe5 28.Qf2 f4 29.Kh1 Bd3
30.Rfd1 Qh7 31.Rg1 Be4 32.Bxb6 Rxg2 33.Rxg2 Rg8 34.Rg1 Qg6 35.h3 Qh5 36.Kh2 Rxg2+
37.Rxg2 Bh4 38.Qg1 Bxg2 39.Qxg2 Bg3+ 40.Kh1 Qg6 41.Bg1 Qf5 42.d6 e4 43.c5 Qd5
44.Qb2+ Kh7 45.Qd4 Qc6 46.Be3 fxe3 47.Qc4 Kg7 48.Qd4+ Kf7 49.Qxe3 Be5 50.Kg1 Qd5
51.Qxh6 Qd1+  0-1

[Event "38th Rilton Cup 2008-9"]
[Site "Stockholm SWE"]
[Date "2009.01.04"]
[Round "8"]
[White "Klovans,J"]
[Black "Hillarp Persson,T"]
[Result "0-1"]
[WhiteElo "2411"]
[BlackElo "2543"]

1.e4 c5 2.Nf3 d6 3.d4 cxd4 4.Nxd4 Nf6 5.Nc3 a6 6.Be3 e5 7.Nb3 Be6 8.f3 h5
9.Nd5 Bxd5 10.exd5 Nbd7 11.c4 g6 12.Be2 Bh6 13.Bxh6 Rxh6 14.Qd2 Rh7 15.Na5 Qb6
16.b4 h4 17.a3 Nh5 18.O-O-O Nf4 19.g3 Nxe2+ 20.Qxe2 O-O-O 21.g4 Kb8 22.Kb1 Rc8
23.Ka2 Rhh8 24.Rb1 Ka8 25.Rhc1 Rhe8 26.c5 dxc5 27.Nc4 Qf6 28.bxc5 Rxc5 29.Nb6+ Nxb6
30.Rxc5 Qd6 31.Qc2 f5 32.gxf5 gxf5 33.a4 Kb8 34.a5 Nd7 35.Rxb7+ Kxb7 36.Qb3+ Ka7
37.Rc6 Qb8 38.Qe3+ Ka8 39.Qd3 Qb7 40.Rxa6+ Kb8 41.Rc6 e4 42.Qc3 exf3 43.Qxf3 Qb4
44.Qxf5 Qxa5+ 45.Kb2 Qb4+ 46.Ka2 Re3  0-1